|
|
|
|
| LEADER |
00746nab a2200217 i 4500 |
| 001 |
publ15846 |
| 005 |
20190627100615.0 |
| 008 |
190627s2018 hu o 0|| angol d |
| 022 |
|
|
|a 1986-8669
|
| 024 |
7 |
|
|a 30638462
|2 mtmt
|
| 040 |
|
|
|a SZTE Publicatio Repozitórium
|b hun
|
| 041 |
|
|
|a angol
|
| 100 |
1 |
|
|a Đeorđić Dijana
|
| 245 |
1 |
0 |
|a Preparation and characterization of magnetic iron oxide nanoparticles
|h [elektronikus dokumentum] /
|c Đeorđić Dijana
|
| 260 |
|
|
|c 2018
|
| 300 |
|
|
|a 70-74
|
| 490 |
0 |
|
|a CONTEMPORARY MATERIALS
|v IX No. 1
|
| 700 |
0 |
1 |
|a Perović Marija
|e aut
|
| 700 |
0 |
1 |
|a Bošković Marko
|e aut
|
| 700 |
0 |
2 |
|a Nyergesné Illés Erzsébet
|e aut
|
| 856 |
4 |
0 |
|u http://publicatio.bibl.u-szeged.hu/15846/1/9-D_Djeordjic.pdf
|z Dokumentum-elérés
|